000 00331nam a22001457a 4500
008 230605b ||||| |||| 00| 0 eng d
020 _a9780321979421
041 _aeng
080 _2ELENENTH EDITION
_a51
082 _a51LIA
100 _a23
101 _aMATE
245 _aCALCULUS WHITH APPLICATIONS
_cLIAL
942 _2udc
_cBK
999 _c59914
_d59914